Statistics for New York, New Jersey, New Mexico Or... New Hampshire

Click here to take the quiz!

General Stats

  • This quiz has been taken 61 times
  • The average score is 9 of 15

Answer Stats

QuestionAnswer% Correct
Furthest away from CaliforniaNew Hampshire
95%
Only State With MLB TeamNew York
91%
Least Amount Of PeopleNew Hampshire
79%
Highest Percentage Of Hispanic ResidentsNew Mexico
77%
No Presidents Born In The StateNew Mexico
75%
Worst EducationNew Mexico
72%
Least Amount Of CountiesNew Hampshire
65%
Smallest in sizeNew Jersey
61%
Highest Percentage Of Asian ResidentsNew York
60%
Worst Water QualityNew Mexico
53%
Oldest State Of These 4New Jersey
44%
Most Number Of DinersNew Jersey
40%
Most Amount Of DeerNew York
40%
Highest Percentage Of Covid Cases Per 100,000 ResidentsNew Jersey
23%
Safest State To Live InNew York
5%

Score Distribution

Percentile by Number Answered

Percent of People with Each Score

Your Score History

You have not taken this quiz